Language Quiz

Random Language or Letter Quiz
Score 0/32 Timer 06:00
0 Plays Today
% Correct
West
96.3%
What
96.1%
Wheel
95.7%
Walt
95.5%
Warner
95.3%
War
95.3%
Wall
94.9%
Weapons
94.2%
Waste
93.6%
Web
93.5%
Washington
93.1%
Without
92.9%
World
91.8%
Wrestling
91.1%
Welfare
89.2%
Way
89%
% Correct
Woman
88.6%
Weather
86.6%
Workers
86.5%
White
85.1%
William
84.1%
Werke
84%
Warcraft
83.8%
Wireless
82.3%
Will
81.9%
Win
80.2%
Water
77.7%
Work
75.3%
Warning
68%
Wizarding
64.9%
Windows
61.7%
Western
53.5%
Remove Ads.
Support Sporcle.
Get the best of Sporcle when you Go Orange. This ad-free experience offers more features, more stats, and more fun while also helping to support Sporcle. Thank you for becoming a member.

You're not logged in!

Compare scores with friends on all Sporcle quizzes.
OR
Log In

Show Comments

Extras

Top Quizzes Today


Score Distribution

Your Account Isn't Verified!

In order to create a playlist on Sporcle, you need to verify the email address you used during registration. Go to your Sporcle Settings to finish the process.

Report this User

Report this user for behavior that violates our Community Guidelines.

Details: